• 首页
  • 本馆介绍
  • 公告通知
  • 最新文献
  • 馆藏检索
  • 电子资源
  • 读者导购
  • 参考咨询
  • 我的图书馆
  • 登录
  • 详细信息显示
  • 放入我的书架
  • 预约/预借图书
  • 作者相关作品
  • 分类相关作品
  • 丛书相关作品
  • 出版社相关作品

书目信息

  • 表格格式
  • 工作单格式
  • 卡片格式
题名:
社会主义文化强国建设
    
 
作者: 蔡武 主编
分册:  
出版信息: 北京   人民出版社  2015
页数: 210页
开本: 24cm
丛书名:
单 册:
中图分类: G120
科图分类:
主题词: 社会主义--文化事业--建设--中国--干部教育--教材
电子资源:
ISBN: 978-7-01-014021-6
000 00989nam0 2200253 450
001 0103475169
005 20150708161619.0
010    @a978-7-01-014021-6@dCNY34.00
100    @a20150415d2015 em y0chiy0120 ea
101 0  @achi
102    @aCN@b110000
105    @aa z 000yy
106    @ar
200 1  @a社会主义文化强国建设@9She Hui;Kuai Zhu Yi Wen Hua Qiang;Jiang Guo Jian She @b专著
210    @a北京@c人民出版社@c党建读物出版社@d2015
215    @a210页@c彩图,彩照@d24cm
300    @a全国干部学习培训教材
304    @a全国干部培训教材编审指导委员会组织编写
330    @a本书共十章,包括:坚持中国特色社会主义文化发展道路、培育和践行社会主义核心价值观、繁荣和发展哲学社会科学、繁荣文艺创作、构建现代公共文化服务体系、建立健全现代文化市场体系、构建现代传播体系、传承中华文化遗产等。
606 0  @a社会主义@x文化事业@x建设@y中国@x干部教育@j教材
690    @aG120@v5
701  0 @a蔡武@f(1949.10~)@9cai wu@4主编
801  0 @aCN@bZL@c20150325
905    @aBZT@dG120@e2@f3@sG120/2
    
    社会主义文化强国建设.-北京:人民出版社:党建读物出版社,2015
    210页:彩图,彩照;24cm
    全国干部学习培训教材
    
    ISBN 978-7-01-014021-6:CNY34.00
    本书共十章,包括:坚持中国特色社会主义文化发展道路、培育和践行社会主义核心价值观、繁荣和发展哲学社会科学、繁荣文艺创作、构建现代公共文化服务体系、建立健全现代文化市场体系、构建现代传播体系、传承中华文化遗产等。
●
相关链接 在五车中查询图书 在当当中查询图书 在豆瓣中查询图书


正题名:社会主义文化强国建设     索取号:G120/2         预约/预借

序号 登录号 条形码 馆藏地/架位号 状态 备注
1 2000030984   2000030984   旧书回溯/ [索取号:G120/2] 在馆    
2 2000031170   2000031170   旧书回溯/ [索取号:G120/2] 在馆    
3 2000031216   2000031216   旧书回溯/ [索取号:G120/2] 在馆    
山东省滨州职业学院图书馆 欢迎您!
大连网信软件有限公司© 版权所有